LEADER 00966nam0 2200289 450 001 000022297 005 20080926121108.0 100 $a20080926d1978----km-y0itaa50------ba 101 0 $aita 102 $aIT 200 1 $a<> dei in esilio$fHeinrich Heine$ga cura di Lia Secci 210 $aMilano$cAdelphi$dc1978 215 $a163 p.$d18 cm 225 2 $aPiccola Biblioteca Adelphi$v72 410 1$12001$aPiccola Biblioteca Adelphi$v72 606 1 $aMiti 676 $a838.7$v21. ed.$9Miscellanea tedesca. 1832-1856 700 1$aHeine,$bHeinrich$0139849 702 1$aSecci,$bLia 801 0$aIT$bUniversità della Basilicata - B.I.A.$gRICA$2unimarc 912 $a000022297 996 $aDei in esilio$988067 997 $aUNIBAS BAS $aLETTERE CAT $aEXT10$b01$c20080926$lBAS01$h1211 FMT Z30 -1$lBAS01$LBAS01$mBOOK$1BASA1$APolo Storico-Umanistico$2FMAS$BFondo Masini$3FMas/817/67$6817/67$5B817/67$820080926$f04$FPrestabile Didattica